000 00285nam a22001337a 4500
008 170316b xxu||||| |||| 00| 0 eng d
020 _a9780071597920
041 _aeng
080 _27TH
_a616.8
100 _a7
101 _aSHM
245 _aNEUROLOGY
_cANSCHEL. D.J
942 _2udc
_cBK
999 _c7988
_d7988